000 00382nam a2200169Ia 4500
008 210210b1944 xxu||||| |||| 00| 0 eng d
041 _aeng
082 _a370/42
100 _aLEWIS (C S)
245 _aAbolition of man
260 _aLondon
_bOxford University Press
_c1944
650 _aof
650 _aman
650 _aAbolition
690 _aEducation
906 _a004982
999 _c128665
_d128665